00000000nas 2200000zi 4500
0019.947045
003CaOODSP
00520250121113719
006m     o  d f      
007cr |||||||||||
008250117d19881992onc | m o    f0###a0eng|d
040 |aCaOODSP|beng|erda|cCaOODSP
043 |an-cn---
0861 |aCo24-3/12E-PDF
24500|aEvaluation report = |bRapport d'évaluation.
2463 |aEvaluation report
264 1|aOttawa : |bProgram Evaluation Division, Department of Communications.
336 |atext|btxt|2rdacontent
337 |acomputer|bc|2rdamedia
338 |aonline resource|bcr|2rdacarrier
500 |aDigitized edition from print [produced by Innovation, Science and Economic Development Canada].
500 |aIssued also in French under title: Rapport d'évaluation.
650 0|aCommunication in public administration|zCanada|xEvaluation.
7101 |aCanada. |bDepartment of Communications, |eissuing body.
77508|tRapport d'évaluation.|w(CaOODSP)9.947044